Special introduction to the study of the Old Testament

Saved in:
Bibliographic Details
Main Author: Gigot, Francis E (Author)
Format: Book
Language:English
Published: Nueva York Benziger Brothers 1901
Edition:2a. ed
Subjects:
Tags: Add Tag
No Tags, Be the first to tag this record!

MARC

LEADER 00000cam a2200000 a 4500
001 UCD2676
003 CL-VaPUC
008 160505e19010000us |||||||||||||||||eng|d
082 0 4 |a 221  |b GIG  |2 21 
100 |a Gigot, Francis E  |e author  |9 586027 
245 1 0 |a Special introduction to the study of the Old Testament 
250 |a 2a. ed 
300 |a v 
942 |c BK 
945 |d 20160505 16:04:00  |a dcastane 
260 |a Nueva York  |b Benziger Brothers  |c 1901 
500 |a v.1: the historical books 
500 |a v.2: didactic books and prophetical writings 
650 0 |a Biblia  |9 257603 
650 0 |a Antiguo testamento   |9 313678 
650 0 |a Libros proféticos   |9 400141 
583 |a last modification  |c 20160505 16:04:00  |k Rodrigo Vera 
999 |c 363798  |d 363796 
952 |0 0  |1 0  |3 erd  |4 0  |6 221_000000000000000_GIG_1901  |7 0  |8 X  |9 476541  |a BIBTEO  |b BIBTEO  |c TEO_FFR  |h v.1  |i 5229502  |o 221 GIG 1901  |p 5229502  |r 2024-01-18  |w 2019-11-24  |y BK_X  |z Catalogado en:20160505  |k OFM 
952 |0 0  |1 0  |3 erd  |4 0  |6 221_000000000000000_GIG_1901  |7 0  |8 X  |9 476542  |a BIBTEO  |b BIBTEO  |c TEO_FFR  |h v.2  |i 5229472  |o 221 GIG 1901  |p 5229472  |r 2024-01-18  |w 2019-11-24  |y BK_X  |z Catalogado en:20160505  |k OFM